Príspevok adaptačných mechanizmov vláknitých húb k citlivosti na antimikrobiálne zlúčeniny
Salvato in:
| Autore principale: | |
|---|---|
| Altri autori: | |
| Natura: | Manoscritto Libro |
| Lingua: | slovacco |
| Pubblicazione: |
2025
|
| Soggetti: | |
| Accesso online: | http://is.stuba.sk/zp/portal_zp.pl?podrobnosti=185297 |
| Tags: |
Nessun Tag, puoi essere il primo ad aggiungerne!!
|
MARC
| LEADER | 00000ntm a22000003a 4500 | ||
|---|---|---|---|
| 001 | stuzp105130 | ||
| 003 | SK-STU | ||
| 005 | 20250607211158.1 | ||
| 007 | ta | ||
| 008 | 150427s2015----xo-----f-mn---000-0-slo-d | ||
| 040 | |a STU |b slo | ||
| 041 | 0 | |a slo | |
| 100 | 1 | |a Taušová, Michaela |u 043000 |4 aut |U FCHPT Fakulta chemickej a potravinárskej technológie |T FCHPT Ústav biochémie a mikrobiológie |X 128478 |U C3000 |Y 101 |7 128478 | |
| 242 | 0 | 1 | |a The Contribution of Adaptation Mechanisms in Filamentous Fungi to Susceptibility to Antimicrobial Compounds |y eng |
| 245 | 1 | 0 | |a Príspevok adaptačných mechanizmov vláknitých húb k citlivosti na antimikrobiálne zlúčeniny |
| 260 | |c 2025 | ||
| 650 | 4 | |a UPR signaling pathway |2 eng | |
| 650 | 4 | |a response to oxidative stress |2 eng | |
| 650 | 4 | |a adaptive mechanisms |2 eng | |
| 650 | 4 | |a azole compounds |2 eng | |
| 650 | 4 | |a odpoveď na oxidačný stres |2 slo | |
| 650 | 4 | |a signálna dráha UPR |2 slo | |
| 650 | 4 | |a azolové zlúčeniny |2 slo | |
| 650 | 4 | |a adaptívne mechanizmy |2 slo | |
| 700 | 1 | |a Olejníková, Petra |u 043000 |k Z1 |4 ths |U FCHPT Fakulta chemickej a potravinárskej technológie |T FCHPT Ústav biochémie a mikrobiológie |X 3976 |U C3000 |Y 101 |7 A000003976 | |
| 856 | 4 | |u http://is.stuba.sk/zp/portal_zp.pl?podrobnosti=185297 | |